Random WW2- Can you get them all? - Statistics

General Stats
  • This quiz has been taken 34 times
  • The average score is 9 of 14
Answer Stats
Hint Answer % Correct
Name of the dictator of the Soviet Union during WW2 Joseph Stalin
97%
Country that was invaded by Germany and the Soviet Union on Sep 1st, 1939 Poland
97%
What region of France did "D-Day" take place? Normandy
87%
Fought against Japan in the Sino-Japanese War, also fighting a civil war at the time: China
83%
City on the Volga River, also a battle which was the turning point on the Eastern Front Stalingrad
80%
One of the most feared German tanks, also an animal with stripes. Tiger
80%
How did Hitler, the German dictator, die? suicide
77%
What were dropped on Nagasaki and Hiroshima? Atomic Bombs
60%
Okinawa was the last major land battle of the ______ Theater Pacific
60%
FDR called the attack on Pearl Harbor "a date which will live in ______" infamy
57%
The name of the French defensive line built after WW1 Maginot Line
43%
Japanese Fighter, one of the fastest in early war (also a number) Zero
43%
General commanding the Luftwaffe, Hitler's most loyal commander Hermann Göring
37%
What was the name of the Operation when the Germans surprise attacked the Soviet Union? Operation Barbarossa
23%
No matching quizzes found
Score Distribution
Percent of People with Each Score
Percentile by Number Answered
Your Score History
You have not taken this quiz